000 01013nam a2200229 i 4500
001 187329
003 ES-MaACL
005 20230906222901.0
008 170602s1922 fr cf |||| |afre d
080 _a929 Meternich, Pauline de
100 1 _aMetternich, Pauline Walpurgis Sandór de Slauniza
_cPrincesse de.
_9162943
245 1 0 _aSouvenirs de la princesse Pauline de Metternich
_b: [1859-1871] /
_c[Pauline de Meternich ; préface et notes de Marcel Duran].
260 _a[Paris :
_bLibrairie Plon,
_c1922]
300 _aXXVIII, 250 p., [1] h. de lám. retr. ;
_c17 cm.
594 _aTít. tomado de p. 1.
594 _aResto de descripción tomada del catálogo Rebiun.
597 _aEjemp. falto de port.
600 1 4 _aMetternich, Pauline Walpurgis Sandór de Slauniza
_cPrincesse de.
_9162943
651 4 _aFrancia-
_xHistoria-
_y1848-1870.
_9141388
700 1 _aDunan, Marcel.
_946021
852 _aES-MaACL
_jL-31682
_z- Enc. tela.
_z. - Donat. herederos de la bibl. de Mª del Pilar Costa Palacín
999 _c187329
_d187329